Léxico matemático fundamental /

Guardado en:
Autor Principal: Palacios, Alfredo R.
Otros Autores: Giordano, Emilio
Formato: Libro
Publicado: Buenos Aires : La obra, 1989
Materias:
Etiquetas: Agregar Etiqueta
Sin Etiquetas, Sea el primero en etiquetar este registro!
LEADER 00653nam a22002055a 4500
001 CEM.cems004823
005 20060217000000.0
008 130507s1989##################000#0#####d
003 CEMS
082 0 4 |a 372.7 
100 1 |a Palacios, Alfredo R. 
245 1 0 |a Léxico matemático fundamental / 
260 |a Buenos Aires :  |b La obra,  |c 1989 
300 |a 59 
653 |a Matematica 
653 |a Matematica-lexico 
700 1 |a Giordano, Emilio 
859 |a CEMS  |b BIB. CEMS - 11 de abril  |h 372.7  |i P171-5  |p 16544.92  |t Ej.1 
859 |a CEMS  |b BIB. CEMS - 11 de abril  |h 372.7  |i P171-5  |p 16545.92  |t Ej.2 
859 |a CEMS  |b BIB. CEMS - 11 de abril  |h 372.7  |i P171-5  |p 16546.92  |t Ej.3